000 01014nac a2200337 i 4500
003 EG-GICUC
005 20260121101531.0
008 941025s1995 mau frb 001 0 eng d
020 _a0316751111
020 _a9780316751117
040 _aDLC
_cDLC
_beng
_dEG-GiCUC
_erda
043 _an-us---
050 0 0 _aKF9218
_b.R63 1995
082 0 0 _a343.1
_221
092 0 4 _221
099 _aLaw 10 1995
100 1 _aRobinson, Paul H.,
_d1948-
245 1 0 _aFundamentals of criminal law /
_cPaul H. Robinson.
250 _a2nd edition.
264 _aBoston :
_bLittle, Brown,
_c1995.
300 _axxix, 823 page ;
_c25 cm.
336 _atext
_btxt
_2rdacontent
337 _aunmediated
_bn
_2rdamedia
338 _avolume
_bnc
_2rdacarrier
440 0 _aLaw school casebook series
504 _aIncludes bibliographical references and index.
650 0 _aCriminal law
_zUnited States
_xCases.
856 4 0 _uhttps://fll.law.cu.edu.eg/fulltext/bks/ENGB10-00067.pdf
905 _a10
942 _2ddc
_cBK
_e21
_n0
999 _c52123
_d52123